000 00331nam a2200109Ia 4500
008 200302s9999 xx 000 0 und d
100 _aPoorang A.E. Piroozfar and Frank.T Piller
245 _aMass Customisation and Personalisation in Architecture and Construction
260 _bTaylor &Francis Group
260 _c2013
300 _a248
999 _c3779
_d3779